000 00753nam a2200253Ia 4500
003 OSt
005 20221002054214.0
006 a|||||r|||| 00| 0
007 ta
008 220930b |||||||| |||| 00| 0 eng d
024 _a61575
037 _cReference Collections
040 _aCRL
_cCRL
_beng
041 _2eng
_aeng
082 _aSM95xM75, M7(RR)
100 _aYoung Eisendrath Polly Ed.
245 0 _aCambridge companion to Jung.
260 _aCambridge
_bCambridge University Press USA
_c1987
300 _axxxiv,332p.
_ccm.
650 _aPSYCHOLOGY
700 _a Dawson Terence Ed.
942 _hSM95xM75, M7(RR)
_cref
_2CC
999 _c924324
_d924324